| 000 | 00369nam a2200133 i 4500 | ||
|---|---|---|---|
| 001 | bg | ||
| 245 | 0 |
_aStaticeskie i dinamiceskie zadaci uprugosti i vjazkouprugosti / _cAkademija Nauk SSSR. Ural'skij Naucnyj Centr. |
|
| 260 |
_aSverdlovsk, _c1983. |
||
| 040 | _cBPK | ||
| 041 | _apol | ||
| 080 | _a539.3/.6 | ||
| 942 | _cKS | ||
| 008 | s pl f |000 0 pol | ||
| 999 |
_c28229 _d28229 |
||